<?xml version="1.0" encoding="UTF-8"?>
<record
    xmlns:xsi="http://www.w3.org/2001/XMLSchema-instance"
    xsi:schemaLocation="http://www.loc.gov/MARC21/slim http://www.loc.gov/standards/marcxml/schema/MARC21slim.xsd"
    xmlns="http://www.loc.gov/MARC21/slim">

  <leader>01716nam a2200181 a 4500</leader>
  <datafield tag="020" ind1=" " ind2=" ">
    <subfield code="a">8123906277 (paperback)</subfield>
  </datafield>
  <datafield tag="020" ind1=" " ind2=" ">
    <subfield code="a">9788123906270 (paperback)</subfield>
  </datafield>
  <datafield tag="082" ind1=" " ind2=" ">
    <subfield code="a">615 PAR</subfield>
  </datafield>
  <datafield tag="100" ind1="1" ind2=" ">
    <subfield code="a">Parimoo, P.</subfield>
  </datafield>
  <datafield tag="245" ind1="1" ind2="0">
    <subfield code="a">Pharmaceutical analysis /</subfield>
  </datafield>
  <datafield tag="250" ind1=" " ind2=" ">
    <subfield code="a">1st ed.</subfield>
  </datafield>
  <datafield tag="260" ind1=" " ind2=" ">
    <subfield code="a">New Delhi</subfield>
    <subfield code="b">CBS Publisher &amp; Distributors P Ltd,</subfield>
    <subfield code="c">2012.</subfield>
  </datafield>
  <datafield tag="300" ind1=" " ind2=" ">
    <subfield code="a">364 p. ;</subfield>
  </datafield>
  <datafield tag="520" ind1=" " ind2=" ">
    <subfield code="a">This text book an effort has been made to unify and select material that would satisfy differing needs and at the same time keep the book to a reasonable size. The subject material has been arranged in the form of various sections to include variety of techniques that are available under chemical physico-chemical and instrumental methods and in the process the book will also serve the purpose of advanced students at M-Pharm and Ph.D. level. Section 1 comprises the classical methods of analysis which are meant for the I st year level syllabus in Pharmaceutical analysis. The section comprising chapters 8 and 9 will be useful of practical experiments covered in Pharmacognosy at different levels in B.Pharm course. The chapters 10 12 and 13 can be utilized for practical work in pharmaceutical chemistry at 3rd year level. The section under spectroscopy is dealt in great depth and is meant for 4th year level as well as M-Pharm level students. It covers a wide variety of methods for both quantitative analysis and problems on structure elucidation. The chapter on particle size determination and differential thermal analysis can be utilized for practical work in physical pharmacy course.</subfield>
  </datafield>
  <datafield tag="650" ind1=" " ind2=" ">
    <subfield code="a">Pharmaceutical analysis </subfield>
    <subfield code="a">Pharmacology</subfield>
  </datafield>
  <datafield tag="856" ind1="4" ind2="0">
    <subfield code="u">http://www.amazon.com/exec/obidos/ASIN/8123906277/chopaconline-20</subfield>
  </datafield>
  <datafield tag="942" ind1=" " ind2=" ">
    <subfield code="c">BK</subfield>
  </datafield>
  <datafield tag="999" ind1=" " ind2=" ">
    <subfield code="c">1860</subfield>
    <subfield code="d">1860</subfield>
  </datafield>
  <datafield tag="952" ind1=" " ind2=" ">
    <subfield code="0">0</subfield>
    <subfield code="1">0</subfield>
    <subfield code="7">0</subfield>
    <subfield code="8">NFIC</subfield>
    <subfield code="a">IC</subfield>
    <subfield code="b">IC</subfield>
    <subfield code="c">GEN</subfield>
    <subfield code="d">2015-08-16</subfield>
    <subfield code="l">1</subfield>
    <subfield code="o">615 PAR</subfield>
    <subfield code="p">005906</subfield>
    <subfield code="r">2022-11-17 00:00:00</subfield>
    <subfield code="s">2016-07-30</subfield>
    <subfield code="w">2015-08-16</subfield>
    <subfield code="y">BK</subfield>
  </datafield>
</record>
